Liga Portugal 25/26 - Statistics

Estatísticas Gerais
  • Esse quiz foi jogado 180 vezes
    111 desde o último reset
  • A pontuação média é 15 de 18
Estatísticas das Respostas
Times % Correto
Benfica
99%
Porto
99%
Sporting
99%
Braga
95%
Vitória
94%
Tondela
84%
AVS
83%
Arouca
82%
Rio Ave
82%
Famalicão
80%
Santa Clara
80%
Casa Pia
77%
Estrela Amadora
74%
Gil Vicente
74%
Alverca
73%
Estoril
73%
Moreirense
73%
Nacional
72%
Nenhum quiz correspondente encontrado
Distribuição das Pontuações
Porcentagem de Pessoas com Cada Pontuação
Percentil de Números Respondidos
Sua Pontuação Histórica
Você não jogou esse quiz desde o último reset